Plays children love : a treasury of contemporary and classic plays for children /

A collection of twenty-five plays to be performed for young audiences or by child actors.

Bibliographic Details
Other Authors: Jennings, Coleman A., 1933-, Harris, Aurand, Swan, Susan, 1944-
Format: Book
Language:English
Published: Garden City, N.Y. : Doubleday, [1981]
Subjects:

MARC

Tag First Indicator Second Indicator Subfields
LEADER 00000pam a2200000 a 4500
001 in00000089915
005 20160106094821.0
008 810902s1981 nyua j 00000 eng
010 |a  80002412  
020 |a 0385170963 
035 |a (OCoLC)07813079 
035 |9 AAK2498AM 
039 0 |a 2  |b 3  |c 3  |d 3  |e 3 
040 |a DLC  |c DLC  |d TXA  |d UtOrBLW 
049 |a TXAM  |c [1672562] 
050 0 0 |a PS625  |b .P58 
082 0 |a 812/.008/09282  |2 19 
245 0 0 |a Plays children love :  |b a treasury of contemporary and classic plays for children /  |c edited by Coleman A. Jennings and Aurand Harris ; foreword by Mary Martin ; illustrations by Susan Swan ; original set designs created by Lee Duran. 
264 1 |a Garden City, N.Y. :  |b Doubleday,  |c [1981] 
264 4 |c ©1981 
300 |a xii, 678 pages :  |b illustrations ;  |c 22 cm. 
336 |a text  |b txt  |2 rdacontent 
337 |a unmediated  |b n  |2 rdamedia 
338 |a volume  |b nc  |2 rdacarrier 
520 |a A collection of twenty-five plays to be performed for young audiences or by child actors. 
650 0 |a Children's plays, American. 
650 1 |a Plays. 
700 1 |a Jennings, Coleman A.,  |d 1933- 
700 1 |a Harris, Aurand. 
700 1 |a Swan, Susan,  |d 1944- 
999 |a MARS 
999 f f |s 582d9c2c-45a3-3a42-a022-2e4ae0e0f3a7  |i d80abaea-4e06-3449-8250-f906f0acd7ac  |t 0 
952 f f |p ric  |a Texas A&M University  |b Rellis Campus  |c Joint Library Facility  |d Remote Storage  |t 0  |e PS625 .P58  |h Library of Congress classification  |i unmediated -- volume  |m A14806189142 
998 f f |a PS625 .P58  |t 0  |l Remote Storage